Observaciones sobre el pulso / (Record no. 130068)

MARC details
000 -LEADER
campo de control de longitud fija 00855nam a2200229 i 4500
001 - NÚMERO DE CONTROL
campo de control 130068
003 - IDENTIFICADOR DE NÚMERO DE CONTROL
campo de control ES-MaACL
005 - FECHA Y HORA DE LA ÚLTIMA TRANSACCIÓN
campo de control 20250724015104.0
007 - CAMPO FIJO DE DESCRIPCIÓN FÍSICA--INFORMACIÓN GENERAL
campo de control de longitud fija t|
008 - DATOS DE LONGITUD FIJA--INFORMACIÓN GENERAL
campo de control de longitud fija 070717s1797 sp f |||| | spa d
100 1# - ENTRADA PRINCIPAL--NOMBRE DE PERSONA
Nombre de persona Solano de Luque, Francisco.
9 (RLIN) 107086
245 10 - MENCIÓN DEL TÍTULO
Título Observaciones sobre el pulso /
Mención de responsabilidad, etc. obra póstuma del Doctor Don Francisco Solano de Luque...
250 ## - MENCION DE EDICION
Mención de edición 2ª ed.
260 ## - PUBLICACIÓN, DISTRIBUCIÓN, ETC.
Lugar de publicación, distribución, etc. Madrid :
Nombre del editor, distribuidor, etc. Imprenta Real,
Fecha de publicación, distribución, etc. 1797.
300 ## - DESCRIPCIÓN FÍSICA
Extensión [40], 356 p., 2 h. de grab. ;
Dimensiones 21 cm.
500 ## - NOTA GENERAL
Nota general Las 2 láminas corresponden al retrato del autor repetido.
530 ## - NOTA DISPONIBLE DE FORMULARIO FÍSICO ADICIONAL
Nota de formato físico adicional disponible Disponible en formato digital.
650 04 - PUNTO DE ACCESO ADICIONAL DE MATERIA--TÉRMINO DE MATERIA
Término de materia o nombre geográfico como elemento de entrada Medicina-
Subdivisión de forma Obras anteriores a 1800
9 (RLIN) 14912
852 4# - LOCALIZACIÓN
Ubicación
Número de control de estantería BA R-1393
Encuadernación Olim: G-14566
856 ## - LOCALIZACIÓN Y ACCESO ELECTRÓNICOS
Identificador Uniforme de Recursos <a href="http://bdh-rd.bne.es/viewer.vm?id=0000121839&page=1 ">http://bdh-rd.bne.es/viewer.vm?id=0000121839&page=1 </a>
Nota pública Biblioteca Digital Hispánica
Holdings
Estatus retirado Estado de pérdida Estado de daño No para préstamo Colección Biblioteca de origen Biblioteca actual Ubicación en estantería Fecha de adquisición Fuente de adquisición Total de préstamos Signatura topográfica completa Código de barras Visto por última vez Precio de reemplazo Tipo de ítem Koha
        Colección digital Biblioteca del Ateneo de Madrid Biblioteca del Ateneo de Madrid Depósito 17/01/2008     R-1393 1135433 23/02/2023 23/02/2023 Libro impreso antiguo